[Event "American Continental 19th"]
[Site "Foz do Iguacu"]
[Date "2025.05.24"]
[Round "3"]
[White "Luz, Arthur Nader"]
[Black "Da Luz, Felipe Garcia"]
[Result "1-0"]
[WhiteElo "2184"]
[BlackElo "1961"]
[PlyCount "63"]
[EventDate "2025.05.23"]
[EventType "swiss"]
[EventRounds "11"]
[EventCountry "BRA"]
[SourceTitle "CB23_2025"]
[SourceDate "2025.06.04"]
[SourceVersion "1"]
[SourceVersionDate "2025.06.04"]
[SourceQuality "1"]

1. e4 c6 2. d4 d5 3. f3 g6 4. Nc3 Bg7 5. e5 e6 6. f4 Ne7 7. Nf3 a6 8. Be3 Nf5 9. Bf2 h5 10. Qd2 Nd7 11. a3 b5 12. Bd3 Nb6 13. h3 Bd7 14. Ke2 Nh6 15. Rag1 Qc7 16. g4 hxg4 17. hxg4 0-0-0 18. Be3 Ng8 19. Rxh8 Bxh8 20. Rh1 Ne7 21. Ng5 Rf8 22. Nxf7 Rxf7 23. Rxh8+ Kb7 24. b3 g5 25. fxg5 c5 26. g6 Rg7 27. Rh7 cxd4 28. Rxg7 Qxe5 29. Rxe7 dxe3 30. Qe1 d4 31. Qh1+ Kc8 32. Ne4 1-0

[Event "Caioba op 8th"]
[Site "Caioba"]
[Date "2024.06.25"]
[Round "4"]
[White "Luz, Arthur Nader"]
[Black "Acosta, Pablo Ismael"]
[Result "0-1"]
[WhiteElo "2172"]
[BlackElo "2449"]
[PlyCount "82"]
[EventDate "2024.06.23"]
[EventType "swiss"]
[EventRounds "9"]
[EventCountry "BRA"]
[SourceTitle "CBM 220 Extra"]
[Source "ChessBase"]
[SourceDate "2024.07.31"]
[SourceVersion "1"]
[SourceVersionDate "2024.07.31"]
[SourceQuality "1"]

1. e4 d6 2. d4 Nf6 3. Nc3 Nbd7 4. Be3 e5 5. h3 Be7 6. Nge2 c6 7. g4 Nb6 8. Ng3 Be6 9. g5 Ng8 10. d5 Bd7 11. Qd2 h6 12. h4 hxg5 13. hxg5 Rxh1 14. Nxh1 Bg4 15. Ng3 g6 16. Bd3 Rc8 17. a4 cxd5 18. Nxd5 Nxd5 19. exd5 Bf3 20. Ne4 Kf8 21. Ng3 a6 22. b3 Bxd5 23. c4 Bc6 24. Be4 Qd7 25. Rd1 Qh3 26. Bd5 Kg7 27. Ne4 Bd7 28. Nxd6 Bxd6 29. Bxb7 Bc6 30. Qxd6 Bxb7 31. Qxe5+ f6 32. gxf6+ Kf7 33. Rd4 Qe6 34. Qf4 Nxf6 35. Rd6 Qe7 36. Qd4 Rc6 37. Rd8 Qb4+ 38. Bd2 Re6+ 39. Kf1 Qxb3 40. Be3 Bf3 41. Qa1 Qxc4+ 0-1

[Event "Caioba op 7th"]
[Site "Caioba"]
[Date "2023.06.19"]
[Round "2"]
[White "Ramazzotte, Esther Zilli"]
[Black "Luz, Arthur Nader"]
[Result "0-1"]
[WhiteElo "1475"]
[BlackElo "2152"]
[PlyCount "50"]
[EventDate "2023.06.18"]
[EventType "swiss"]
[EventRounds "9"]
[EventCountry "BRA"]
[SourceTitle "CBM 214 Extra"]
[Source "ChessBase"]
[SourceDate "2023.07.31"]
[SourceVersion "1"]
[SourceVersionDate "2023.07.31"]
[SourceQuality "1"]

1. d4 Nf6 2. c4 g6 3. Nc3 Bg7 4. e4 d6 5. Bg5 0-0 6. h3 Nbd7 7. Be2 a6 8. Nf3 c5 9. 0-0 Qa5 10. Bf4 b5 11. cxb5 axb5 12. a3 b4 13. axb4 Qxa1 14. Qxa1 Rxa1 15. Rxa1 cxd4 16. Nd5 Nxd5 17. exd5 Nb6 18. Bd2 Nxd5 19. Ra5 e6 20. Ne1 Nb6 21. b3 Bd7 22. b5 Rb8 23. Bb4 Bf8 24. Nd3 Nd5 25. Ba3 Bxb5 0-1

[Event "Pocos de Caldas op"]
[Site "Pocos de Caldas"]
[Date "2023.03.18"]
[Round "4"]
[White "Matsuura, Everaldo"]
[Black "Luz, Arthur Nader"]
[Result "1-0"]
[WhiteElo "2408"]
[BlackElo "2142"]
[PlyCount "141"]
[EventDate "2023.03.17"]
[EventType "swiss"]
[EventRounds "6"]
[EventCountry "BRA"]
[SourceTitle "EXT 2024"]
[Source "ChessBase"]
[SourceDate "2023.10.10"]
[SourceVersion "1"]
[SourceVersionDate "2023.10.10"]
[SourceQuality "1"]

1. Nf3 c5 2. c4 Nc6 3. e3 g6 4. d4 cxd4 5. exd4 d6 6. d5 Nb8 7. h3 Bg7 8. Nc3 Nf6 9. Bd3 0-0 10. 0-0 Bd7 11. Re1 Re8 12. Bg5 a5 13. Qd2 Na6 14. Rac1 Rb8 15. Nd4 Qb6 16. Ndb5 Nc5 17. Bb1 Rbc8 18. b3 Bxb5 19. Nxb5 Rcd8 20. Rcd1 Rc8 21. Bc2 Qd8 22. Re2 Ncd7 23. Rde1 Nc5 24. Re3 Qd7 25. R3e2 Ra8 26. Bf4 Bf8 27. Bg5 Bg7 28. Nc3 Rac8 29. Be3 Qd8 30. Bd4 Kf8 31. Nb5 Kg8 32. Bc3 Ra8 33. Qd1 Qd7 34. a3 Nh5 35. Bxg7 Kxg7 36. b4 axb4 37. axb4 Na6 38. Ba4 Nxb4 39. Nc3 Rxa4 40. Qxa4 Qxa4 41. Nxa4 Kf8 42. Rb1 Nf4 43. Reb2 Na6 44. Rxb7 Nd3 45. Ra7 Nac5 46. Nxc5 Nxc5 47. Rba1 Kg7 48. Ra8 Rxa8 49. Rxa8 Kf6 50. Ra7 h5 51. Kf1 Nd3 52. Ke2 Ne5 53. Rc7 g5 54. Ke3 Ng6 55. Ke4 Ne5 56. c5 dxc5 57. Rxc5 h4 58. Rc7 Ng6 59. Rc6+ e6 60. d6 Ne5 61. Rc7 Ng6 62. d7 Ke7 63. d8Q+ Kxd8 64. Rxf7 Ke8 65. Rg7 Ne7 66. Rxg5 Kf7 67. Kf4 Kf6 68. Kg4 e5 69. Kxh4 Nd5 70. Kg4 Nc3 71. Rf5+ 1-0

[Event "Cuiaba Contaud op"]
[Site "Cuiaba"]
[Date "2022.10.28"]
[Round "6"]
[White "Luz, Arthur Nader"]
[Black "Matsuura, Everaldo"]
[Result "0-1"]
[WhiteElo "2154"]
[BlackElo "2445"]
[PlyCount "76"]
[EventDate "2022.10.25"]
[EventType "swiss"]
[EventRounds "9"]
[EventCountry "BRA"]
[SourceTitle "EXT 2024"]
[Source "ChessBase"]
[SourceDate "2023.10.10"]
[SourceVersion "1"]
[SourceVersionDate "2023.10.10"]
[SourceQuality "1"]

1. e4 c5 2. Nf3 Nc6 3. Bb5 e6 4. Bxc6 bxc6 5. d3 Ne7 6. Nbd2 f6 7. h4 e5 8. h5 d5 9. Nh4 g5 10. Nhf3 h6 11. Qe2 Bg7 12. c4 0-0 13. b3 Bg4 14. Nf1 f5 15. Ng3 a5 16. Bb2 a4 17. Qd2 fxe4 18. Nh2 Be6 19. cxd5 cxd5 20. dxe4 axb3 21. exd5 Qxd5 22. Qxd5 Bxd5 23. axb3 Rxa1+ 24. Bxa1 Bxg2 25. Rg1 Bd5 26. Ng4 Nc6 27. Ne3 Bxb3 28. Ne4 Nd4 29. Nd2 Be6 30. Rg3 Ra8 31. Bc3 Bf7 32. Rh3 Ne6 33. Nf5 Nf4 34. Rh2 Ra3 35. Ne4 Bd5 36. Nfd6 Ra2 37. Nd2 Rc2 38. N2e4 Bxe4 0-1

[Event "Cuiaba Contaud op"]
[Site "Cuiaba"]
[Date "2022.10.26"]
[Round "3"]
[White "Luz, Arthur Nader"]
[Black "Alboredo, Julia"]
[Result "1/2-1/2"]
[WhiteElo "2154"]
[BlackElo "2234"]
[PlyCount "66"]
[EventDate "2022.10.25"]
[EventType "swiss"]
[EventRounds "9"]
[EventCountry "BRA"]
[SourceTitle "EXT 2024"]
[Source "ChessBase"]
[SourceDate "2023.10.10"]
[SourceVersion "1"]
[SourceVersionDate "2023.10.10"]
[SourceQuality "1"]

1. e4 c5 2. Nf3 d6 3. d4 cxd4 4. Nxd4 Nf6 5. Nc3 Nc6 6. Bc4 e6 7. Be3 Bd7 8. Qe2 Rc8 9. Bb3 Na5 10. 0-0 Be7 11. f4 Rxc3 12. bxc3 Nxe4 13. c4 f5 14. Qe1 0-0 15. Rd1 Qc7 16. Nb5 Bxb5 17. cxb5 d5 18. Bd4 Bc5 19. Kh1 Bxd4 20. Rxd4 Rf6 21. Qe3 Rh6 22. g3 Nxb3 23. cxb3 Qc2 24. h4 Rg6 25. Rxe4 Qxe4+ 26. Qxe4 fxe4 27. Kg2 e5 28. fxe5 Re6 29. Kf2 d4 30. Rd1 d3 31. Ke3 Rxe5 32. Rf1 Rxb5 33. Kxe4 d2 1/2-1/2

[Event "Florianopolis Autumn op U2300"]
[Site "Florianopolis"]
[Date "2022.05.15"]
[Round "6"]
[White "Caetano, Ryan Wesley da Cost"]
[Black "Luz, Arthur Nader"]
[Result "1/2-1/2"]
[WhiteElo "2186"]
[BlackElo "2231"]
[PlyCount "114"]
[EventDate "2022.05.13"]
[EventType "swiss"]
[EventRounds "6"]
[EventCountry "BRA"]
[SourceTitle "CBM 208 Extra"]
[Source "ChessBase"]
[SourceDate "2022.07.31"]
[SourceVersion "1"]
[SourceVersionDate "2022.07.31"]
[SourceQuality "1"]

1. d4 Nf6 2. c4 g6 3. Nc3 Bg7 4. e4 d6 5. f3 0-0 6. Bg5 c5 7. d5 e6 8. Qd2 h6 9. Be3 exd5 10. cxd5 a6 11. a4 Re8 12. Nge2 Nbd7 13. Nc1 Nxe4 14. fxe4 Bxc3 15. bxc3 Qh4+ 16. Bf2 Qxe4+ 17. Qe2 Nf6 18. Qxe4 Nxe4 19. Be2 Nxc3 20. Ra3 Nxe2 21. Nxe2 Bg4 22. Re3 Rxe3 23. Bxe3 Re8 24. Kf2 Bxe2 25. Kxe2 b5 26. axb5 axb5 27. Kf3 g5 28. g4 Ra8 29. Rb1 b4 30. Bf2 Ra3+ 31. Ke4 Kf8 32. Bg3 Ke7 33. Re1 Rc3 34. Re3 Rc1 35. Kd3+ Kd7 36. Re1 Rc3+ 37. Ke2 c4 38. Rb1 b3 39. Be1 Rd3 40. Rd1 b2 41. Rb1 Rxd5 42. Rxb2 Kc6 43. Rb8 Re5+ 44. Kd1 Re4 45. Rf8 Rxg4 46. Rxf7 h5 47. Rf5 Rg2 48. h4 gxh4 49. Rxh5 Rh2 50. Rxh4 Rxh4 51. Bxh4 d5 52. Bf2 Kb5 53. Kc2 Kb4 54. Bd4 c3 55. Bxc3+ Kc4 56. Bf6 d4 57. Bxd4 Kxd4 1/2-1/2

[Event "Florianopolis Autumn op U2300"]
[Site "Florianopolis"]
[Date "2022.05.15"]
[Round "5"]
[White "Luz, Arthur Nader"]
[Black "Volkmann, Andre Jordi"]
[Result "1-0"]
[WhiteElo "2231"]
[BlackElo "2087"]
[PlyCount "77"]
[EventDate "2022.05.13"]
[EventType "swiss"]
[EventRounds "6"]
[EventCountry "BRA"]
[SourceTitle "CBM 208 Extra"]
[Source "ChessBase"]
[SourceDate "2022.07.31"]
[SourceVersion "1"]
[SourceVersionDate "2022.07.31"]
[SourceQuality "1"]

1. e4 c6 2. d4 d5 3. f3 g6 4. Nc3 Bg7 5. Be3 dxe4 6. fxe4 e5 7. d5 f5 8. exf5 Bxf5 9. Qd2 Nf6 10. d6 Nbd7 11. h3 0-0 12. Bc4+ Kh8 13. g4 Ne4 14. Nxe4 Bxe4 15. Rh2 Nb6 16. Bb3 Nd5 17. Bg5 Bf6 18. Bxf6+ Qxf6 19. 0-0-0 Qxd6 20. Qe1 Bf3 21. Nxf3 Rxf3 22. Rhd2 Qf6 23. Bxd5 cxd5 24. Rxd5 Qf4+ 25. Kb1 e4 26. Qb4 e3 27. Qxf4 Rxf4 28. Re5 Rf3 29. h4 Raf8 30. b3 Kg7 31. g5 R8f7 32. Kb2 Rc7 33. Rd3 Rf2 34. Rc3 Rxc3 35. Kxc3 e2 36. Kd3 Kf7 37. Rxe2 Rf5 38. Re4 b5 39. c4 1-0

[Event "Florianopolis Autumn op U2300"]
[Site "Florianopolis"]
[Date "2022.05.14"]
[Round "4"]
[White "Piccoli, Lucas Fonseca"]
[Black "Luz, Arthur Nader"]
[Result "1/2-1/2"]
[WhiteElo "2130"]
[BlackElo "2231"]
[PlyCount "134"]
[EventDate "2022.05.13"]
[EventType "swiss"]
[EventRounds "6"]
[EventCountry "BRA"]
[SourceTitle "CBM 208 Extra"]
[Source "ChessBase"]
[SourceDate "2022.07.31"]
[SourceVersion "1"]
[SourceVersionDate "2022.07.31"]
[SourceQuality "1"]

1. c4 g6 2. Nc3 Bg7 3. g3 e5 4. Bg2 Nc6 5. Rb1 a5 6. a3 Nf6 7. b4 axb4 8. axb4 0-0 9. b5 Ne7 10. Nf3 d6 11. d3 c6 12. 0-0 Bf5 13. Bb2 Nd7 14. Ra1 Qc7 15. Nd2 Be6 16. Nde4 h6 17. Ba3 c5 18. Bb2 Nb6 19. Qc2 f5 20. Nd2 g5 21. Na4 g4 22. Nxb6 Qxb6 23. Rxa8 Rxa8 24. Ra1 Rxa1+ 25. Bxa1 Qa7 26. Bc3 b6 27. Qb2 Qa4 28. Nf1 h5 29. Qa1 Qxa1 30. Bxa1 Bh6 31. Bc3 Kf7 32. h3 Bd7 33. hxg4 hxg4 34. f3 gxf3 35. Bxf3 Ke6 36. e4 Kf6 37. Kf2 fxe4 38. dxe4 Be6 39. Be2 Ng6 40. Nh2 Nf8 41. Ng4+ Kg6 42. Kf3 Bf7 43. Nxh6 Kxh6 44. Bd2+ Kg6 45. Ke3 Be6 46. Kd3 Nh7 47. Bc1 Nf6 48. Be3 Bh3 49. Bf3 Bf1+ 50. Kc3 Nh7 51. Bd2 Ng5 52. Bxg5 Kxg5 53. Kb3 Bh3 54. Kc3 Bg4 55. Bg2 Be2 56. Bh3 Kh5 57. Be6 Kg5 58. Bh3 Kh5 59. Be6 Bg4 60. Bf7+ Kg5 61. Kd3 Bd7 62. Ke3 Kg4 63. Kf2 Kh3 64. Kf3 Bg4+ 65. Kf2 Bd7 66. Kf3 Bg4+ 67. Kf2 Bd7 1/2-1/2

[Event "Florianopolis op 8th"]
[Site "Florianopolis"]
[Date "2022.01.29"]
[Round "9"]
[White "Lima, Darcy Gustavo Macha"]
[Black "Luz, Arthur Nader"]
[Result "1-0"]
[WhiteElo "2507"]
[BlackElo "2169"]
[PlyCount "81"]
[EventDate "2022.01.24"]
[EventType "swiss"]
[EventRounds "10"]
[EventCountry "BRA"]
[SourceTitle "CBM 206 Extra"]
[Source "ChessBase"]
[SourceDate "2022.03.31"]
[SourceVersion "1"]
[SourceVersionDate "2022.03.31"]
[SourceQuality "1"]

1. c4 g6 2. Nc3 Bg7 3. Nf3 d6 4. g3 e5 5. Bg2 Nc6 6. d3 Nge7 7. Rb1 a6 8. b4 Rb8 9. a4 a5 10. bxa5 Nxa5 11. Nd5 0-0 12. 0-0 Nac6 13. Bg5 f6 14. Bd2 Be6 15. e4 Qd7 16. Bc3 h6 17. d4 f5 18. Nxe7+ Nxe7 19. d5 Bf7 20. h4 fxe4 21. Nd2 e3 22. fxe3 Nf5 23. Bh3 Qe7 24. Bxf5 gxf5 25. Rxf5 Bg6 26. Rxf8+ Rxf8 27. Rxb7 Qf7 28. Qe1 Bd3 29. a5 Ra8 30. e4 Bc2 31. Qe2 h5 32. Nf1 Ba4 33. Ne3 Qg6 34. Nf5 Bf8 35. Qe3 Qf7 36. c5 dxc5 37. Qg5+ Kh7 38. Bxe5 Rc8 39. d6 Qc4 40. Qxh5+ Kg8 41. Qg6+ 1-0

[Event "BRA-ch 87th"]
[Site "Cuiaba"]
[Date "2021.10.31"]
[Round "5"]
[White "Mekhitarian, Krikor Sevag"]
[Black "Luz, Arthur Nader"]
[Result "1-0"]
[WhiteElo "2560"]
[BlackElo "2149"]
[PlyCount "75"]
[EventDate "2021.10.28"]
[EventType "swiss"]
[EventRounds "11"]
[EventCountry "BRA"]
[SourceTitle "CBM 205 Extra"]
[Source "ChessBase"]
[SourceDate "2022.01.31"]
[SourceVersion "1"]
[SourceVersionDate "2022.01.31"]
[SourceQuality "1"]

1. e4 c5 2. Nf3 d6 3. d4 cxd4 4. Nxd4 Nf6 5. Nc3 g6 6. Be3 Bg7 7. f3 0-0 8. Qd2 Nc6 9. 0-0-0 d5 10. exd5 Nxd5 11. Nxc6 bxc6 12. Bd4 e5 13. Bc5 Be6 14. Ne4 Re8 15. Bc4 Nf4 16. Qxd8 Rexd8 17. Bxe6 Nxe6 18. Be3 Nf4 19. Bxf4 exf4 20. c3 Rd5 21. Rxd5 cxd5 22. Nf2 Rc8 23. Kd2 d4 24. c4 Rxc4 25. Nd3 Bf8 26. a3 Rc6 27. Rc1 Rd6 28. Rc5 a6 29. b4 Bh6 30. Ra5 Bf8 31. Nc5 Rd8 32. Nxa6 Ra8 33. b5 Bc5 34. Nxc5 Rxa5 35. a4 d3 36. Kxd3 Kf8 37. Kc4 Ke8 38. b6 1-0

[Event "Sao Jose dos Campos op"]
[Site "Sao Jose dos Campos"]
[Date "2021.10.11"]
[Round "5"]
[White "De Freitas, Fabio Ruiz"]
[Black "Luz, Arthur Nader"]
[Result "0-1"]
[WhiteElo "1631"]
[BlackElo "2149"]
[PlyCount "42"]
[EventDate "2021.10.09"]
[EventType "swiss"]
[EventRounds "7"]
[EventCountry "BRA"]
[SourceTitle "CBM 204 Extra"]
[Source "ChessBase"]
[SourceDate "2021.11.30"]
[SourceVersion "1"]
[SourceVersionDate "2021.11.30"]
[SourceQuality "1"]

1. Nf3 d5 2. c4 d4 3. b4 g5 4. Bb2 Bg7 5. Nxg5 e5 6. Ne4 f5 7. Nc5 b6 8. Nd3 Ne7 9. e3 Ng6 10. f4 0-0 11. h4 e4 12. h5 Ne7 13. h6 Bf6 14. Ne5 c5 15. Be2 Nbc6 16. Nxc6 Nxc6 17. Bh5 dxe3 18. Bxf6 Qxf6 19. Nc3 Nxb4 20. g4 exd2+ 21. Kf1 fxg4 0-1

[Event "Sao Jose dos Campos op"]
[Site "Sao Jose dos Campos"]
[Date "2021.10.11"]
[Round "4"]
[White "Luz, Arthur Nader"]
[Black "Languidey, Simon Alejandro"]
[Result "0-1"]
[WhiteElo "2149"]
[BlackElo "2418"]
[PlyCount "54"]
[EventDate "2021.10.09"]
[EventType "swiss"]
[EventRounds "7"]
[EventCountry "BRA"]
[SourceTitle "CBM 204 Extra"]
[Source "ChessBase"]
[SourceDate "2021.11.30"]
[SourceVersion "1"]
[SourceVersionDate "2021.11.30"]
[SourceQuality "1"]

1. d4 e6 2. Nc3 Nf6 3. Bf4 Bb4 4. Qd3 0-0 5. 0-0-0 d5 6. f3 c5 7. dxc5 Nbd7 8. Bd6 Nxc5 9. Bxc5 Bxc5 10. e4 d4 11. e5 Nd7 12. Na4 Nxe5 13. Qe4 Nc6 14. Nxc5 Qg5+ 15. f4 Qxc5 16. Nf3 f5 17. Qd3 Rd8 18. Qd2 Rd6 19. Bd3 Bd7 20. Kb1 Nb4 21. Rhe1 Bc6 22. Re5 Bd5 23. a3 Na2 24. Ka1 a5 25. Qf2 Nc3 26. Rd2 Rb6 27. Qxd4 Qxa3+ 0-1

[Event "Sao Jose dos Campos op"]
[Site "Sao Jose dos Campos"]
[Date "2021.10.09"]
[Round "2"]
[White "Luz, Arthur Nader"]
[Black "Nunes, Agatha Hurba"]
[Result "1-0"]
[WhiteElo "2149"]
[BlackElo "1797"]
[PlyCount "21"]
[EventDate "2021.10.09"]
[EventType "swiss"]
[EventRounds "7"]
[EventCountry "BRA"]
[SourceTitle "CBM 204 Extra"]
[Source "ChessBase"]
[SourceDate "2021.11.30"]
[SourceVersion "1"]
[SourceVersionDate "2021.11.30"]
[SourceQuality "1"]

1. d4 e6 2. Nc3 f5 3. e4 g6 4. Nf3 b6 5. exf5 exf5 6. Bc4 Bb4 7. 0-0 Bxc3 8. Bxg8 d6 9. Bg5 Qd7 10. Bd5 c6 11. Re1+ 1-0